| 000 | 00538nam a2200169 i 4500 | ||
|---|---|---|---|
| 001 | 94338 | ||
| 003 | ES-MaACL | ||
| 005 | 20230906181444.0 | ||
| 007 | t| | ||
| 008 | 050428s1963 sp ||||1| spa d | ||
| 100 | 1 |
_aLora-Tamayo, Manuel. _974059 |
|
| 245 | 1 | 3 |
_aLa investigación científica / _cpor Manuel Lora-Tamayo. |
| 260 |
_aMadrid : _bEditora Nacional, _c1963. |
||
| 300 |
_a30 p. ; _c24 cm. |
||
| 500 | _aEste trabajo es una separata de la segunda edición de la obra "El nuevo estado" | ||
| 852 |
_aES-MaACL _j2037-F-16 _bR.53622 |
||
| 999 |
_c94338 _d94338 |
||